Geometric numerical integration : (Record no. 30126)
[ view plain ]
| 000 -LEADER | |
|---|---|
| fixed length control field | 01095 a2200241 4500 |
| 020 ## - INTERNATIONAL STANDARD BOOK NUMBER | |
| International Standard Book Number | 3540306633 |
| 020 ## - INTERNATIONAL STANDARD BOOK NUMBER | |
| International Standard Book Number | 9783540306634 |
| 082 ## - DEWEY DECIMAL CLASSIFICATION NUMBER | |
| Classification number | 515.352 |
| 090 ## - LOCALLY ASSIGNED LC-TYPE CALL NUMBER (OCLC); LOCAL CALL NUMBER (RLIN) | |
| -- | 1515 |
| -- | 1515 |
| 100 1# - MAIN ENTRY--PERSONAL NAME | |
| Personal name | Hairer, Ernst. |
| 245 10 - TITLE STATEMENT | |
| Title | Geometric numerical integration : |
| Remainder of title | structure-preserving algorithms for ordinary differential equations / |
| Statement of responsibility, etc. | Ernst Hairer, Christian Lubich, Gerhard Wanner. |
| 250 ## - EDITION STATEMENT | |
| Edition statement | 2nd ed. |
| 260 ## - PUBLICATION, DISTRIBUTION, ETC. | |
| Place of publication, distribution, etc. | [S.l.] : |
| Name of publisher, distributor, etc. | Springer, |
| Date of publication, distribution, etc. | 2006. |
| 300 ## - PHYSICAL DESCRIPTION | |
| Extent | 662 p. ; |
| Dimensions | 25 cm. |
| 490 1# - SERIES STATEMENT | |
| Series statement | Springer series in computational mathematics. |
| 700 1# - ADDED ENTRY--PERSONAL NAME | |
| Personal name | Lubich, Christian. |
| 700 1# - ADDED ENTRY--PERSONAL NAME | |
| Personal name | Wanner, Gerhard. |
| 830 #0 - SERIES ADDED ENTRY--UNIFORM TITLE | |
| Uniform title | Springer series in computational mathematics. |
| 942 ## - ADDED ENTRY ELEMENTS (KOHA) | |
| Institution code [OBSOLETE] | SNS |
| Koha item type | Book |
| Call number prefix | 515.352 HAI |
| Withdrawn status | Lost status | Damaged status | Not for loan | Permanent Location | Current Location | Date acquired | Total Checkouts | Total Renewals | Full call number | Barcode | Date last seen | Date last checked out | Price effective from | Koha item type |
|---|---|---|---|---|---|---|---|---|---|---|---|---|---|---|
| School of Natural Sciences (SNS) | School of Natural Sciences (SNS) | 05/26/2016 | 1 | 1 | 515.352 HAI | SNS0001702 | 08/29/2019 | 09/16/2018 | 05/26/2016 | Book | ||||
| School of Natural Sciences (SNS) | School of Natural Sciences (SNS) | 05/26/2016 | 515.352 HAI | SNS0001761 | 05/26/2016 | 05/26/2016 | Book | |||||||
| School of Natural Sciences (SNS) | School of Natural Sciences (SNS) | 05/26/2016 | 515.352 HAI | SNS0001960 | 05/26/2016 | 05/26/2016 | Book |
